வாழ்வயல் கூறுகள் (Record no. 14146)

MARC details
000 -LEADER
fixed length control field 00726nam a22001937a 4500
005 - DATE AND TIME OF LATEST TRANSACTION
control field 2008100700240.0
008 - FIXED-LENGTH DATA ELEMENTS--GENERAL INFORMATION
fixed length control field 080630t xxu||||| |||| 00| 0 tml d
010 ## - LCCN (DPL NO)
LC control number TML-30872
035 ## - SYSTEM CONTROL NUMBER
System control number TM-29111
037 ## - SOURCE OF ACQUISITION
Source of stock number/acquisition dbad
082 ## - DEWEY DECIMAL CLASSIFICATION NUMBER
Classification number 080 / VAZ
245 ## - TITLE STATEMENT
Title வாழ்வயல் கூறுகள்
Remainder of title ed by துரை.பட்டாபிராமன்...[etal]
246 ## - VARYING FORM OF TITLE
Title proper/short title Vazhviyal kurugal
Remainder of title ed by Durai Pattabiraman
250 ## - EDITION STATEMENT
Edition statement 1st ed
260 ## - PUBLICATION, DISTRIBUTION, ETC. (IMPRINT)
Place of publication, distribution, etc Chennai
Name of publisher, distributor, etc kalaignan Pathippagam
Date of publication, distribution, etc 2007
300 ## - PHYSICAL DESCRIPTION
Extent 272p
Dimensions 22cm
942 ## - ADDED ENTRY ELEMENTS (KOHA)
Item type Tamil Bks
Source of classification or shelving scheme Dewey Decimal Classification
Classification part 080
Call number suffix VAZ
Holdings
Withdrawn status Lost status Source of classification or shelving scheme Damaged status Not for loan Collection code Home library Current library Date acquired Source of acquisition Cost, normal purchase price Total Checkouts Full call number Barcode Date last seen Cost, replacement price Koha item type
    Dewey Decimal Classification   Not For Loan Non-fiction D.B.Act.Division D.B.Act.Division 30/06/2008 D.B.Act / pub / 200.00   080 / VAZ TM-29111 15/09/2008 200.00 Tamil Bks

© Delhi Public Library
Hit Counter
free hit counter